| 000 | 005050000a22001810004500 | ||
|---|---|---|---|
| 003 | MACL | ||
| 005 | 20160219131429.0 | ||
| 008 | 160219b xxu||||| |||| 00| 0 eng d | ||
| 040 |
_aMACL _cMACL |
||
| 041 | _aHindi | ||
| 082 | _a301/MIS | ||
| 100 |
_aमिश्र पंचानन _939055 |
||
| 245 | _aसमाज की भूमिका | ||
| 260 |
_bश्रीअजन्ता प्रेस _aपटना |
||
| 350 | _a4 | ||
| 650 |
_aSociology _939056 |
||
| 942 |
_cHIN _k301 _2ddc |
||
| 999 |
_c24158 _d24158 |
||